000 00574nam a2200181Ia 4500
008 240729s9999 xx 000 0 und d
022 _a2587-4330
245 0 _aComputer Science Journal of Moldova
260 _aMoldova, Republic of
260 _bVladimir Andrunachievici Institute of Mathematics and Computer Science
650 _a Electronic computers. Computer science
650 _a Instruments and machines
650 _a Mathematics
650 _aScience
856 _uhttps://doaj.org/toc/fb01704367534b938f9164a56a42b7df
942 _2ddc
942 _cDOAJEJ
999 _c72898
_d72898
945 _a1
_bMadushi Gamage
_c1
_dMadushi Gamage